000 00291 a2200121 4500
001 146573
040 _cEscola São Tomás de Aquino
100 _aPORTO, Cristina
240 1 0 _aCatarina malagueta
_lpor
245 1 0 _aCatarina malagueta
697 _a*LITERATURA INFANTO JUVENIL
942 _cBK
999 _c146573
_d146573